[Event "Marianske Lazne GM-A1"]
[Site "Marianske Lazne"]
[Date "2008.01.25"]
[Round "9"]
[White "Hermansson, Emil"]
[Black "Rajlich, Iweta"]
[Result "1-0"]
[WhiteElo "2472"]
[BlackElo "2437"]
[PlyCount "89"]
[EventDate "2008.01.19"]
[EventType "tourn"]
[EventRounds "11"]
[EventCountry "CZE"]
[EventCategory "8"]
[SourceTitle "CBM 122 Extra"]
[Source "ChessBase"]
[SourceDate "2008.03.04"]
[SourceVersion "1"]
[SourceVersionDate "2008.03.04"]
[SourceQuality "1"]

1. e4 e6 2. d4 d5 3. Nc3 Bb4 4. e5 c5 5. a3 Bxc3+ 6. bxc3 Qa5 7. Bd2 Qa4 8. Qb1 c4 9. Ne2 Nc6 10. Nf4 Bd7 11. g3 0-0-0 12. Bh3 h5 13. Ng2 Qa5 14. Qb2 f6 15. Rb1 b6 16. f4 Rf8 17. Rd1 fxe5 18. fxe5 Nge7 19. Bg5 Rf3 20. Ne3 Rhf8 21. Rf1 Rxf1+ 22. Bxf1 Nf5 23. Ke2 h4 24. g4 Nxe3 25. Kxe3 h3 26. Bf4 Rh8 27. Kf3 b5 28. Bg5 Rf8+ 29. Ke2 Qb6 30. Bh4 Rf4 31. Bxh3 Nxe5 32. Bg3 Re4+ 33. Kd2 Nc6 34. Rf1 e5 35. Rf8+ Kb7 36. Rf7 Ka6 37. Rxd7 exd4 38. cxd4 Nxd4 39. Rd6 Nc6 40. Qc3 Qc5 41. Bg2 d4 42. Qf3 c3+ 43. Kd1 Qg5 44. Rxc6+ Ka5 45. Bc7+ 1-0

[Event "Marianske Lazne GM-A1"]
[Site "Marianske Lazne"]
[Date "2008.01.21"]
[Round "3"]
[White "Brener, Ilja"]
[Black "Hermansson, Emil"]
[Result "1/2-1/2"]
[WhiteElo "2394"]
[BlackElo "2472"]
[PlyCount "97"]
[EventDate "2008.01.19"]
[EventType "tourn"]
[EventRounds "11"]
[EventCountry "CZE"]
[EventCategory "8"]
[SourceTitle "CBM 122 Extra"]
[Source "ChessBase"]
[SourceDate "2008.03.04"]
[SourceVersion "1"]
[SourceVersionDate "2008.03.04"]
[SourceQuality "1"]

1. Nf3 Nf6 2. c4 g6 3. Nc3 d5 4. Qa4+ Bd7 5. Qb3 dxc4 6. Qxc4 a6 7. d4 b5 8. Qb3 Bg7 9. e4 0-0 10. Be2 c5 11. dxc5 Bc6 12. e5 Nfd7 13. Be3 Nxe5 14. Nxe5 Bxe5 15. 0-0 Nd7 16. a4 bxa4 17. Nxa4 Qc7 18. f4 Bxa4 19. Qxa4 Bxb2 20. Rab1 Rab8 21. c6 Nf6 22. Bf3 Rb5 23. Qxa6 Rfb8 24. Kh1 Rb3 25. Qa7 Ne8 26. Rbd1 Ba3 27. Bd5 Rc3 28. f5 gxf5 29. Rxf5 e6 30. Rg5+ Kf8 31. Qd4 Bb2 32. Bf4 Rc1 33. Bxc7 Bxd4 34. Rxc1 Nxc7 35. Rh5 Nxd5 36. Rxh7 Kg8 37. Rh3 Be3 38. Rd1 Rb3 39. g4 Rc3 40. Re1 Kf8 41. c7 Ke7 42. Rhxe3 Nxe3 43. Rxe3 Rxc7 44. Kg2 Kf6 45. Kg3 Rc1 46. h4 Rg1+ 47. Kf3 Rh1 48. Kg3 Rg1+ 49. Kf3 1/2-1/2